| 000 | 01491nam a2200217Ia 4500 | ||
|---|---|---|---|
| 003 | Ost | ||
| 005 | 20260507075058.0 | ||
| 008 | 260507s9999||||xx |||||||||||||| ||und|| | ||
| 040 | _cfsecg | ||
| 041 | _aara | ||
| 082 | _a659.1 | ||
| 100 |
_aالعلاق، بشير عباس _eمؤلف |
||
| 245 | 0 |
_aالترويج والإعلان التجاري : _bأسس -نظريات-تطبيقات (مدخل متكامل) / _c بشير عباس العلاق |
|
| 260 |
_aعمان: _bدار اليازوري, _c2002 |
||
| 300 |
_a424 صفحة؛ _bإيضاحات ؛ _c25 سم |
||
| 504 | _aببليوغرافيا ص.407 | ||
| 520 | _aالترويج وعناصره، البيع الشخصي،ترويج المبيعات،مراحل نشوء وتطور الإعلان،أهداف الإعلان، الإعلان والمزيج التسويقي والترويجي،إدارة الإعلان،وكالات الإعلان،تخطيط الحملة الإعلانية،وسائل الإعلان، الإستراتيجية الابتكارية للإعلان والرسالة الإعلانية،تصميم وإخراج الإعلان، تقييم الإعلان،ميزانية الإعلان،الإعلان وسلوك المستهلك، الإعلان الدولي | ||
| 653 | _aالاعلان التجاري | ||
| 653 | _aالتسويق | ||
| 942 | _cكتاب | ||
| 999 |
_c42764 _d42764 |
||